[Event "FIDE Open"]
[Site "Voronezh"]
[Date "2018.06.14"]
[Round "3.23"]
[White "Nesterov, Andrey"]
[Black "Biskup, Stepan"]
[Result "1-0"]
[WhiteElo "2010"]
[BlackElo "1529"]
[Annotator ""]
[Source ""]
[Remark ""]

1.e4 c5 2.Nf3 e6 3.c4 Qc7 4.g3 Nc6 5.Bg2 Nf6 6.Nc3 a6 7.O-O Be7
8.d3 O-O 9.h3 Nd4 10.Bg5 d6 11.Ne1 h6 12.Be3 Nd7 13.f4 Bf6 14.g4
g6 15.Qd2 Bg7 16.Nf3 Rd8 17.Qf2 Nxf3+ 18.Bxf3 Nf8 19.Qh4 Nh7
20.Rf2 e5 21.Nd5 Qd7 22.f5 g5 23.Qg3 Qe8 24.Nc7 Qc6 25.Nxa8 Bd7
26.h4 f6 27.hxg5 fxg5 28.b4 Rxa8 29.bxc5 dxc5 30.Rb2 Qd6 31.Qf2
Bc6 32.Rb3 Bf8 33.Rab1 Nf6 34.Be2 Rd8 35.Qe1 Rd7 36.Qa5 Qc7 37.Rb6
Qd6 38.R1b5 axb5 39.cxb5 c4 40.bxc6 bxc6 41.dxc4 Nxe4 42.Qe1
Qa3 43.Bf3 Rd3 44.Rb3 Rxb3 45.axb3 Nc5 46.Bxc6 Qxb3 47.Qe2 Qb1+
48.Kg2 Qb6 49.Bd5+ Kg7 1-0

[Event "FIDE Open"]
[Site "Voronezh"]
[Date "2018.06.14"]
[Round "3.24"]
[White "Levicheva, Ekaterina"]
[Black "Kazmin, Semen"]
[Result "1/2-1/2"]
[WhiteElo "1908"]
[BlackElo "1970"]
[Annotator ""]
[Source ""]
[Remark ""]

1.Nf3 Nf6 2.g3 g6 3.Bg2 Bg7 4.O-O O-O 5.d3 d6 6.Nbd2 e5 7.e4
Nc6 8.c3 a6 9.a4 Rb8 10.b4 b5 11.axb5 axb5 12.d4 exd4 13.Nxd4
Nxd4 14.cxd4 c5 15.e5 Ne8 16.Ne4 cxb4 17.Bg5 Qd7 18.exd6 Rb6
19.Be7 Nxd6 20.Bxf8 Kxf8 21.Ra8 Nc4 22.Nc5 Qc7 23.Re1 Rd6 24.Qe2
Rd8 25.Nb7 Bxd4 26.Nxd8 Qxd8 27.Bc6 Kg7 28.Bxb5 Nb6 29.Ra7 Nd5
30.Ra8 Nc7 31.Rxc8 Qxc8 32.Bc4 Qf5 33.Rd1 Qf6 34.Qd2 Bc3 35.Qa2
Ne8 36.Rd3 Nd6 37.Bd5 Nf5 38.Rf3 Qe7 39.Qb1 Qe5 40.Bc4 h5 1/2-1/2

[Event "FIDE Open"]
[Site "Voronezh"]
[Date "2018.06.14"]
[Round "3.25"]
[White "Pingin, Artem"]
[Black "Pak, Nikita"]
[Result "1-0"]
[WhiteElo "1967"]
[BlackElo "1870"]
[Annotator ""]
[Source ""]
[Remark ""]

1.e4 c5 2.Nf3 e6 3.d4 cxd4 4.Nxd4 a6 5.Nc3 Nf6 6.h3 Qc7 7.Bd3
Nc6 8.Nb3 b5 9.a3 g6 10.f4 d6 11.Be3 Bg7 12.O-O O-O 13.Qd2 Bb7
14.Rad1 Rad8 15.Ne2 Qb8 16.Ng3 Qa8 17.Qf2 Ne7 18.Nd2 d5 19.e5
Nd7 20.c3 Nf5 21.Bxf5 exf5 22.Bd4 Rfe8 23.Rfe1 Nf8 24.Nb3 Ne6
25.Ne2 Rc8 26.g4 fxg4 27.hxg4 Bf8 28.Ng3 a5 29.Qe3 a4 30.Nd2
Nxd4 31.cxd4 Rc2 32.f5 Rxb2 33.e6 fxe6 34.fxe6 Qb8 35.Rf1 1-0

[Event "FIDE Open"]
[Site "Voronezh"]
[Date "2018.06.14"]
[Round "3.26"]
[White "Sobina, Pavel"]
[Black "Yaurov, Egor"]
[Result "1-0"]
[WhiteElo "2199"]
[BlackElo "1825"]
[Annotator ""]
[Source ""]
[Remark ""]

1.c4 e5 2.Nc3 Nf6 3.g3 d5 4.cxd5 Nxd5 5.Bg2 Nb6 6.Nf3 Nc6 7.O-O
Be7 8.d3 O-O 9.a3 Be6 10.b4 Nd4 11.Rb1 f6 12.e4 Qd7 13.Nxd4 Qxd4
14.Nd5 Nxd5 15.exd5 Bg4 16.Qb3 Bh5 17.Be3 Qg4 18.d6+ Bf7 19.dxe7
Bxb3 20.exf8Q+ Rxf8 21.Rxb3 f5 22.Bc5 Rf6 23.Re1 f4 24.d4 f3
25.dxe5 Rf5 26.e6 fxg2 27.e7 h6 28.e8Q+ Kh7 29.Qe4 Qh3 30.g4
Qxb3 31.Qxf5+ Kh8 32.Re8+ 1-0

[Event "FIDE Open"]
[Site "Voronezh"]
[Date "2018.06.14"]
[Round "3.27"]
[White "Manukovsky, Vladimir"]
[Black "Moshkin, Mikhail"]
[Result "1-0"]
[WhiteElo "2146"]
[BlackElo "1766"]
[Annotator ""]
[Source ""]
[Remark ""]

1.e4 c5 2.Nc3 e6 3.Nf3 d6 4.Bb5+ Nc6 5.O-O Be7 6.b3 a6 7.Bxc6+
bxc6 8.Bb2 e5 9.Ne2 Nf6 10.Ng3 O-O 11.h3 h6 12.c3 Be6 13.Re1
Ne8 14.d4 cxd4 15.cxd4 f6 16.Rc1 Rc8 17.Re2 c5 18.dxc5 dxc5 19.Qxd8
Bxd8 20.Ba3 Bb6 21.Rec2 Rf7 22.Bxc5 Rfc7 23.b4 Bxc5 24.bxc5 Nd6
25.Ne1 Nc4 26.Nd3 Na3 27.Rb2 Bc4 28.Rc3 Bxd3 29.Rxd3 Nb5 30.Nf5
Nd4 31.Nxd4 exd4 32.Rxd4 Rxc5 33.f3 Rc1+ 34.Kf2 R8c2+ 35.Rd2
Rc3 1-0

[Event "FIDE Open"]
[Site "Voronezh"]
[Date "2018.06.14"]
[Round "3.28"]
[White "Polukhin, Alexander"]
[Black "Beldyugin, Alexey"]
[Result "0-1"]
[WhiteElo "1809"]
[BlackElo "2113"]
[Annotator ""]
[Source ""]
[Remark ""]

1.d4 d6 2.Nf3 g6 3.Bf4 Bg7 4.e3 c6 5.Be2 Qb6 6.Qc1 Nd7 7.Nbd2
Ngf6 8.h3 O-O 9.O-O Qc7 10.c4 e5 11.Bh2 c5 12.Rd1 Re8 13.Bf1
b6 14.Rb1 a5 15.a3 a4 16.b4 axb3 17.Rxb3 Bb7 18.d5 e4 19.Ne1
Ra6 20.Nb1 Bc8 21.Nc3 Ne5 22.Nb5 Qb8 23.Qb1 h5 24.Nc3 Bf5 25.Rd2
g5 26.Rdb2 Nfd7 27.f3 Bg6 28.fxe4 Qd8 29.Nf3 g4 30.hxg4 hxg4
31.Nxe5 Bxe5 32.Bxe5 Rxe5 33.g3 Qg5 34.Re2 Kg7 35.Bg2 Ra8 36.Nb5
Qe7 37.Rf2 Ra4 38.Qc2 Nf6 39.Rb1 Ra8 40.Nc3 Nxe4 41.Nxe4 Bxe4
42.Qc3 Bxb1 0-1

[Event "FIDE Open"]
[Site "Voronezh"]
[Date "2018.06.14"]
[Round "3.29"]
[White "Abramov, Ilya"]
[Black "Poltavets, Ivan"]
[Result "1-0"]
[WhiteElo "2089"]
[BlackElo "1765"]
[Annotator ""]
[Source ""]
[Remark ""]

1.d4 Nf6 2.c4 g6 3.Nc3 d5 4.Nf3 Bg7 5.Qb3 c6 6.cxd5 Nxd5 7.e4
Nb6 8.Be3 O-O 9.Rd1 Bg4 10.Be2 Na6 11.O-O Qc7 12.Rc1 Rac8 13.h3
Be6 14.d5 cxd5 15.exd5 Bd7 16.Nb5 Qb8 17.Nxa7 Qxa7 18.Bxb6 Qb8
19.Bd4 Bxd4 20.Nxd4 Nc5 21.Qb6 Qd6 22.Qxd6 exd6 23.Rc2 Na4 24.Rfc1
Nb6 25.Rxc8 Bxc8 26.Bf3 Rd8 27.b3 Kf8 28.Kf1 Ke7 29.Nb5 h5 30.a4
g5 31.Ke2 Kf6 32.g4 hxg4 33.hxg4 1-0

[Event "FIDE Open"]
[Site "Voronezh"]
[Date "2018.06.14"]
[Round "3.30"]
[White "Zisin, Oleg"]
[Black "Maraktanov, Andrey"]
[Result "1-0"]
[WhiteElo "2012"]
[BlackElo "1763"]
[Annotator ""]
[Source ""]
[Remark ""]

1.e4 c5 2.Nf3 d6 3.b3 Nc6 4.Bb2 e5 5.g3 g6 6.Bg2 Bg7 7.O-O Nge7
8.d3 O-O 9.c3 d5 10.Nbd2 f5 11.Re1 Re8 12.Ba3 Qa5 13.exd5 Qxa3
14.dxc6 Nxc6 15.Nc4 Qa6 16.Nfxe5 Nxe5 17.d4 cxd4 18.cxd4 Be6
19.dxe5 Rad8 20.Qc1 Bxc4 21.bxc4 Bxe5 22.Rb1 b6 23.Bc6 Re7 24.Qg5
Rde8 25.Bxe8 Rxe8 26.Rb5 Qxa2 27.Kg2 Qxc4 28.Rbxe5 Qc6+ 29.Kg1
Rxe5 30.Rxe5 Qb7 31.Qe7 1-0

[Event "FIDE Open"]
[Site "Voronezh"]
[Date "2018.06.14"]
[Round "3.31"]
[White "Aloyan, Mikhail"]
[Black "Anisimov, V."]
[Result "1-0"]
[WhiteElo "1759"]
[BlackElo "2011"]
[Annotator ""]
[Source ""]
[Remark ""]

1.e4 e5 2.Nf3 Nc6 3.Bb5 a6 4.Ba4 Nf6 5.O-O b5 6.Bb3 Be7 7.Re1
d6 8.c3 Na5 9.Bc2 c5 10.d4 Qc7 11.a4 b4 12.Nbd2 Bd7 13.cxb4 cxb4
14.Nb3 Nb7 15.a5 Be6 16.Be3 O-O 17.d5 Bg4 18.Bb6 Qb8 19.Qd2 Rc8
20.Rac1 Bxf3 21.gxf3 Nh5 22.Qxb4 Nc5 23.Nxc5 dxc5 24.Qc3 Nf4
25.Ba4 Qd6 26.Kh1 Qg6 27.Rg1 Ne2 28.Rxg6 Nxc3 29.Bc6 hxg6 30.Bxa8
Ne2 31.Re1 Rxa8 32.Rxe2 Kf8 33.Rc2 Rc8 34.Rc4 Ke8 35.b4 Kd7 36.bxc5 1-0

[Event "FIDE Open"]
[Site "Voronezh"]
[Date "2018.06.14"]
[Round "3.32"]
[White "Strukova, Ksenia"]
[Black "Khanin, Alexandr"]
[Result "1-0"]
[WhiteElo "1994"]
[BlackElo "1744"]
[Annotator ""]
[Source ""]
[Remark ""]

1.e4 e6 2.d4 d5 3.Nd2 Nf6 4.e5 Nfd7 5.f4 c5 6.c3 Nc6 7.Ndf3 cxd4
8.cxd4 f6 9.Bd3 fxe5 10.fxe5 Be7 11.Ng5 Bb4+ 12.Kf2 Nf8 13.Qf3
Qe7 14.Ne2 Ng6 15.Nxh7 Nf8 16.Bg5 Qc7 17.Qh5+ Qf7+ 18.Qxf7+ Kxf7
19.Nxf8 Rxf8 20.Kg3 Bd7 21.h4 Ba5 22.Bh7 g6 23.h5 gxh5 24.Rxh5
Bc7 25.Rf1+ Kg7 26.Bh6+ Kxh7 27.Bxf8+ Kg6 1-0

[Event "FIDE Open"]
[Site "Voronezh"]
[Date "2018.06.14"]
[Round "3.33"]
[White "Kasantsev, Anatolij B."]
[Black "Savoskin, Vladimir"]
[Result "0-1"]
[WhiteElo "1962"]
[BlackElo "1743"]
[Annotator ""]
[Source ""]
[Remark ""]

1.d4 Nf6 2.c4 g6 3.f3 d5 4.cxd5 Nxd5 5.e4 Nf6 6.Nc3 Bg7 7.Be3
O-O 8.Qd2 c6 9.Bc4 Qa5 10.Nge2 Rd8 11.O-O b5 12.Bb3 b4 13.Na4
e5 14.Qe1 Ba6 15.dxe5 Qxe5 16.Qf2 Nbd7 17.Rfc1 Bb5 18.Nd4 Rac8
19.a3 a5 20.axb4 axb4 21.Rd1 Nh5 22.g3 Qe8 23.Nxb5 cxb5 24.Nb6
Nxb6 25.Bxb6 Rxd1+ 26.Rxd1 Qc6 27.Kg2 Nf6 28.Be3 Re8 29.Rc1 Qb7
30.Qc2 Rf8 31.Qc7 Qxc7 32.Rxc7 Ne8 33.Rb7 Nd6 34.Rd7 Nc4 35.Bc5
Rc8 36.Bxb4 Bxb2 37.Rb7 Bd4 38.Rxb5 Ne3+ 39.Kh3 Rc1 40.Bd2 Rf1
41.Bxe3 Bxe3 0-1

[Event "FIDE Open"]
[Site "Voronezh"]
[Date "2018.06.14"]
[Round "3.34"]
[White "Pikalova, Sofya"]
[Black "Malinin, Sergey"]
[Result "1/2-1/2"]
[WhiteElo "1739"]
[BlackElo "1953"]
[Annotator ""]
[Source ""]
[Remark ""]

1.e4 d6 2.d4 Nf6 3.Nc3 g6 4.f4 Bg7 5.Nf3 O-O 6.Bd3 Nc6 7.O-O
e5 8.dxe5 dxe5 9.f5 Nb4 10.fxg6 hxg6 11.Be3 Nxd3 12.cxd3 Ng4
13.Bc5 Re8 14.Qb3 b6 15.Bf2 Nxf2 16.Rxf2 c6 17.Ng5 Be6 18.Nxe6
Rxe6 19.Raf1 Qd4 20.Ne2 Qe3 21.Kh1 Rf8 22.Rxf7 Rfe8 23.Ng3 Kh8
24.Rxa7 b5 25.Rff7 Qe1+ 26.Rf1 Qe3 27.Ra8 R6e7 28.Rxe8+ Rxe8
29.Qf7 Rf8 30.Qxg6 Rxf1+ 31.Nxf1 Qxd3 32.Qh5+ Kg8 33.Qf3 Qb1
34.Kg1 Qxb2 35.Qb3+ Qxb3 36.axb3 Bh6 37.Kf2 Kf7 38.Kf3 Ke6 39.Ne3
Bxe3 40.Kxe3 c5 41.g4 Kf6 42.h4 Kg6 43.g5 Kh5 44.Kf3 Kg6 45.Ke3
Kh5 1/2-1/2

[Event "FIDE Open"]
[Site "Voronezh"]
[Date "2018.06.14"]
[Round "3.35"]
[White "Gorodnichev, Alexey"]
[Black "Strukov, Dmitry"]
[Result "1/2-1/2"]
[WhiteElo "1949"]
[BlackElo "1737"]
[Annotator ""]
[Source ""]
[Remark ""]

1.e4 c5 2.Nf3 d6 3.c4 Nc6 4.d4 cxd4 5.Nxd4 Nf6 6.Nc3 g6 7.Be2
Bg7 8.Be3 O-O 9.O-O Bd7 10.f3 Rc8 11.Qd2 Re8 12.Rfd1 Nxd4 13.Bxd4
a6 14.a4 Be6 15.b3 h5 16.Qe3 Nd7 17.a5 Bxd4 18.Qxd4 Qc7 19.Nd5
Qc5 20.b4 Qxd4+ 21.Rxd4 Bxd5 22.exd5 Rc7 23.Kf2 Rb8 24.Rc1 b5
25.axb6 Rxb6 26.c5 dxc5 27.bxc5 Rxc5 28.Rxc5 Nxc5 29.Rc4 Nb3
30.Rc6 Rb8 31.Bxa6 Nd4 32.Rc8+ Rxc8 33.Bxc8 Kg7 34.g4 hxg4 35.fxg4
g5 36.Bd7 Kf6 37.Be8 Nc2 38.Kf3 Ne1+ 39.Ke2 Ng2 40.Kf3 Nh4+ 41.Ke4
Ng6 42.Bb5 Ne5 43.Be2 Nd7 44.Kd4 Nb6 45.Bb5 Nc8 46.Ba6 Nd6 47.Bd3
Kg7 48.Bc2 Nb5+ 49.Kc5 Nc3 50.Kd4 Ne2+ 51.Ke3 Nf4 52.Ke4 Ne2
53.Bd3 Nf4 54.Bf1 Ng6 55.Be2 Kf6 56.Bd3 Ne5 57.Be2 Nd7 58.Kd4 1/2-1/2

[Event "FIDE Open"]
[Site "Voronezh"]
[Date "2018.06.14"]
[Round "3.36"]
[White "Korolkov, Alexander"]
[Black "Shoshin, Kirill"]
[Result "1-0"]
[WhiteElo "1734"]
[BlackElo "1938"]
[Annotator ""]
[Source ""]
[Remark ""]

1.c4 Nf6 2.Nc3 e6 3.Nf3 d5 4.cxd5 exd5 5.d4 c6 6.Bg5 Be7 7.e3
Bf5 8.Bd3 Ne4 9.Bxe7 Qxe7 10.O-O Nd7 11.Qc2 O-O 12.a3 g5 13.Nd2
Rae8 14.Rfe1 Bg6 15.b4 a6 16.Ndxe4 dxe4 17.Bc4 h5 18.Rad1 h4
19.Be2 f5 20.d5 f4 21.dxc6 bxc6 22.Bxa6 Kh7 23.Qd2 Ne5 24.Qd6
Qf7 25.Rf1 Qa7 26.exf4 gxf4 27.b5 h3 28.g3 e3 29.Kh1 e2 30.Nxe2
Be4+ 31.Kg1 Nf3+ 32.Kh1 Nd4+ 33.f3 Nxf3 34.Nc3 Qe3 35.Nxe4 Qxe4
36.Qxc6 fxg3 37.hxg3 Qg4 38.Qd7+ Qxd7 39.Rxd7+ Kg6 40.b6 Ra8
41.Ra7 Rad8 42.Bb7 Ne5 43.Be4+ Kg5 44.Rg7+ Kh6 45.Rh7+ Kg5 46.Rg7+
Kh6 47.Rh7+ Kg5 48.Rxf8 Rd1+ 49.Kh2 Ng4+ 50.Kxh3 Rd7 51.Rg7+
Kh6 52.Rg6+ Kh5 53.Rh8+ 1-0

[Event "FIDE Open"]
[Site "Voronezh"]
[Date "2018.06.14"]
[Round "3.38"]
[White "Leolko, Ludmila"]
[Black "Efendieva, Alina"]
[Result "1/2-1/2"]
[WhiteElo "1901"]
[BlackElo "1727"]
[Annotator ""]
[Source ""]
[Remark ""]

1.e4 e5 2.Nf3 Nc6 3.Nc3 Nf6 4.Be2 Bc5 5.Nxe5 Nxe5 6.d4 Bb4 7.dxe5
Bxc3+ 8.bxc3 Nxe4 9.Qd4 Ng5 10.Ba3 b6 11.O-O Bb7 12.f4 c5 13.Qe3
Ne6 14.f5 Qg5 15.Qxg5 Nxg5 16.Rae1 O-O 17.Bd3 Rfc8 18.h4 c4 19.Be2
Ne4 20.Bf3 Nc5 21.Bxb7 Nxb7 22.Rd1 Rc7 23.Rd5 h6 24.Rfd1 Re8
25.Rxd7 Rxd7 26.Rxd7 Na5 27.Rd5 Nc6 28.Bd6 Rd8 29.Kf2 Nxe5 30.Rxe5
Rxd6 31.Re8+ Kh7 32.Ke2 Rd5 33.Re7 Rxf5 34.Rxa7 Kg6 35.Rc7 b5
36.Rd7 Kh5 37.Rd4 Re5+ 38.Kf3 g5 39.hxg5 Kxg5 40.g3 h5 41.Kf2
f6 42.Rd8 Rf5+ 43.Kg2 Re5 44.Kf3 Rf5+ 45.Kg2 Re5 46.Rg8+ Kh6
47.Kf3 Rf5+ 48.Kg2 Rd5 49.Rh8+ Kg7 50.Rb8 Rd2+ 51.Kh3 Rxc2 52.Rxb5
Rxa2 53.Rb4 Rc2 54.Rxc4 Kg6 55.Rc8 Kg5 56.c4 Rc3 57.Kg2 Rc2+
58.Kf3 Rc3+ 59.Kf2 Kg4 60.Rg8+ Kf5 61.Rb8 Kg4 62.Rg8+ Kf5 63.Rh8 1/2-1/2

[Event "FIDE Open"]
[Site "Voronezh"]
[Date "2018.06.14"]
[Round "3.40"]
[White "Bukatin, Arseny"]
[Black "Krekoten, Vladimir"]
[Result "1-0"]
[WhiteElo "1894"]
[BlackElo "1718"]
[Annotator ""]
[Source ""]
[Remark ""]

1.e4 Nf6 2.e5 Nd5 3.d4 d6 4.c4 Nb6 5.f4 dxe5 6.fxe5 g6 7.Be3
Bg7 8.Nc3 O-O 9.Be2 Nc6 10.Nf3 Bg4 11.O-O e6 12.Qd2 Ne7 13.Bg5
Qd7 14.Ne4 Nf5 15.Rad1 Bxf3 16.Rxf3 Rad8 17.Rxf5 exf5 18.Nf6+
Kh8 19.Nxd7 Rxd7 20.Bf6 Bxf6 21.exf6 Rd6 22.c5 Rxf6 23.cxb6 Rxb6
24.Bc4 Rd6 25.Qh6 Kg8 26.Rd3 g5 27.Qxg5+ Rg6 28.Qxf5 Kg7 29.h4
h6 30.Rf3 1-0

[Event "FIDE Open"]
[Site "Voronezh"]
[Date "2018.06.14"]
[Round "3.41"]
[White "Morgachev, Sergey"]
[Black "Suleymanov, Emirlan"]
[Result "1/2-1/2"]
[WhiteElo "1889"]
[BlackElo "1701"]
[Annotator ""]
[Source ""]
[Remark ""]

1.d4 Nf6 2.c4 g6 3.Nc3 Bg7 4.Nf3 d6 5.Bg5 h6 6.Bh4 O-O 7.e3 Nbd7
8.h3 e5 9.Be2 c6 10.O-O Qc7 11.Bg3 Ne8 12.Qc2 f5 13.Bh2 g5 14.dxe5
dxe5 15.Nd4 Nc5 16.b4 Na6 17.a3 Qe7 18.Nb3 f4 19.Rad1 Qf7 20.Ne4
Bf5 21.exf4 exf4 22.f3 Nf6 23.Nxf6+ Qxf6 24.Bd3 Bxd3 25.Rxd3
Rad8 26.Rfd1 Qf5 27.Qd2 Rxd3 28.Qxd3 Qxd3 29.Rxd3 Nc7 30.Na5
b5 31.c5 Rf6 32.Rd6 Ne8 33.Rxc6 Rxc6 34.Nxc6 Bb2 35.Nxa7 Bxa3
36.Nxb5 Bxb4 37.c6 Ba5 38.g3 Nc7 39.Nxc7 Bxc7 40.gxf4 gxf4 41.Kg2
Kf7 42.Kf2 Ke6 43.Ke2 Kd5 44.Kd3 h5 45.Bg1 Bd6 46.Bd4 Bc7 47.Bg7
Bd6 48.Bh6 Be5 49.Bg5 Bc7 50.Bh4 Bb6 51.Bg5 Bc7 52.h4 Bd6 53.Bd8
Kxc6 54.Ke4 Kd7 55.Bg5 Ke6 56.Bxf4 Bf8 57.Bg5 Bd6 58.f4 Bf8 59.f5+
Kf7 60.f6 Ke6 61.Kd4 Ba3 1/2-1/2

[Event "FIDE Open"]
[Site "Voronezh"]
[Date "2018.06.14"]
[Round "3.42"]
[White "Mikheeva, Galina"]
[Black "Tverdokhleb, Aleksandr"]
[Result "0-1"]
[WhiteElo "1716"]
[BlackElo "1889"]
[Annotator ""]
[Source ""]
[Remark ""]

1.e4 Nf6 2.e5 Nd5 3.d4 d6 4.Nf3 g6 5.Bc4 Nb6 6.Bb3 Bg7 7.Ng5
d5 8.f4 h6 9.Nf3 Nc6 10.c3 Bf5 11.Qe2 Qd7 12.a4 a5 13.Nbd2 O-O
14.h3 f6 15.Bd1 fxe5 16.fxe5 g5 17.g4 Bg6 18.Nb3 e6 19.Qb5 Rad8
20.Nc5 Qe7 21.b4 Be8 22.Qd3 axb4 23.cxb4 Nxb4 24.Qb3 Nc6 25.Ba3
Rxf3 26.Qxf3 Nxd4 27.Qe3 Nc4 28.Qxd4 Bxe5 29.Qd3 Bxa1 30.Bb4
b6 31.Na6 Qf6 32.Rf1 Qe5+ 33.Be2 Kg7 34.Qf3 Kg6 35.Kf2 Bd4+ 36.Kg2
Kh7 37.Bxc4 dxc4 38.Re1 Qd5 39.Qxd5 exd5 40.Rd1 Bc5 41.Bxc5 bxc5
42.Kf2 0-1

[Event "FIDE Open"]
[Site "Voronezh"]
[Date "2018.06.14"]
[Round "3.43"]
[White "Shestakova, Ekaterina"]
[Black "Ochirova, Anita"]
[Result "1/2-1/2"]
[WhiteElo "1886"]
[BlackElo "1691"]
[Annotator ""]
[Source ""]
[Remark ""]

1.e4 c6 2.d4 d5 3.Nc3 dxe4 4.Nxe4 h6 5.Bc4 Bf5 6.Ng3 Bh7 7.N1e2
Nf6 8.O-O e6 9.Nf4 Be7 10.Nfh5 O-O 11.Nxf6+ Bxf6 12.c3 Nd7 13.Qg4
Kh8 14.Nh5 b5 15.Bb3 c5 16.dxc5 Nxc5 17.Nxf6 Qxf6 18.Be3 Bf5
19.Qf3 Nd3 20.Qe2 a6 21.Rfd1 Qg6 22.Rd2 Ne5 23.Bf4 Be4 24.Bg3
Nd3 25.f3 Bf5 26.Rad1 Nc5 27.Bc2 Bxc2 28.Rxc2 Rfd8 29.Rcd2 Rxd2
30.Qxd2 Na4 31.Bf2 Qf5 32.b3 Nc5 33.Qd6 Rc8 34.Bxc5 Rxc5 35.Qd8+
Kh7 36.Qd3 Qxd3 37.Rxd3 Rc6 38.Kf2 Kg6 39.Ke3 e5 40.Ke4 f6 1/2-1/2

[Event "FIDE Open"]
[Site "Voronezh"]
[Date "2018.06.14"]
[Round "3.44"]
[White "Gulko, Oleg"]
[Black "Vlasova, Olesia"]
[Result "1/2-1/2"]
[WhiteElo "1883"]
[BlackElo "1682"]
[Annotator ""]
[Source ""]
[Remark ""]

1.d4 d5 2.c4 e6 3.Nc3 Be7 4.Bf4 Nf6 5.e3 O-O 6.Nf3 b6 7.Be2 Bb7
8.O-O Nbd7 9.h3 c5 10.Ne5 Ne4 11.Nxe4 dxe4 12.dxc5 Nxe5 13.Bxe5
Bxc5 14.Qc2 Qg5 15.Bf4 Qe7 16.Qc3 Rad8 17.a3 Bd6 18.Bxd6 Rxd6
19.Rfd1 Rfd8 20.b4 f5 21.c5 Rxd1+ 22.Rxd1 Rc8 23.Rc1 bxc5 24.bxc5
Kf7 25.Qa5 Bd5 26.Ba6 Rc7 27.g3 Rc6 28.Bb5 Rc7 29.a4 Rc8 30.h4
Qc7 31.Qxc7+ Rxc7 32.Kf1 Ke7 33.Ke2 e5 34.Kd2 a5 35.Be2 g6 36.Bf1
Ke6 37.Rc3 Rc8 38.Kc2 Rc7 39.Bb5 Rc8 40.Kb2 Ke7 41.Rc1 Rc7 1/2-1/2

[Event "FIDE Open"]
[Site "Voronezh"]
[Date "2018.06.14"]
[Round "3.45"]
[White "Neklyudov, Taras"]
[Black "Chuprik, Ilya"]
[Result "1/2-1/2"]
[WhiteElo "1876"]
[BlackElo "1650"]
[Annotator ""]
[Source ""]
[Remark ""]

1.e4 c6 2.d4 d5 3.Nd2 dxe4 4.Nxe4 Nf6 5.Nxf6+ exf6 6.Bc4 Bd6
7.Nf3 O-O 8.O-O Qc7 9.h3 Nd7 10.c3 f5 11.Qd3 Nf6 12.Bg5 Ne4 13.Be3
Re8 1/2-1/2

[Event "FIDE Open"]
[Site "Voronezh"]
[Date "2018.06.14"]
[Round "3.46"]
[White "Vorobiov, Nikolai"]
[Black "Kushnarenko, Egor"]
[Result "1/2-1/2"]
[WhiteElo "1873"]
[BlackElo "1631"]
[Annotator ""]
[Source ""]
[Remark ""]

1.d4 d5 2.Bg5 c6 3.e3 Qb6 4.b3 Bf5 5.Nf3 Nf6 6.Nbd2 Nbd7 7.Bd3
Bg4 8.h3 Bh5 9.O-O e6 10.c4 Be7 11.c5 Qd8 12.Qc2 Bg6 13.b4 O-O
14.a4 a6 15.b5 axb5 16.axb5 cxb5 17.Bxg6 hxg6 18.Rfb1 b4 19.Ra4
Rxa4 20.Qxa4 Qa8 21.Qxb4 b6 22.Bxf6 gxf6 23.Qb5 Qc8 24.c6 Nb8
25.Qxb6 Qxc6 26.Qa7 Bd6 27.g3 Nd7 28.Qb7 Rc8 29.Kg2 Qxb7 30.Rxb7
Rc7 31.Rb3 f5 32.h4 Kg7 33.Nb1 Nf6 34.Rb6 Ne4 35.Nbd2 Be7 36.Nxe4
fxe4 37.Ne5 Bf6 38.Nc6 g5 39.hxg5 Bxg5 40.Ne5 Bf6 41.Nc6 Bg5
42.Nb4 Be7 43.Rc6 Rxc6 44.Nxc6 Bd6 45.g4 Bc7 46.Kh3 Bd6 47.Nd8
Bb4 48.Nb7 Be1 49.Kg2 Kg6 50.Kg3 Kg7 51.Nc5 Kg6 1/2-1/2

[Event "FIDE Open"]
[Site "Voronezh"]
[Date "2018.06.14"]
[Round "3.47"]
[White "Sokolovsky, Victor"]
[Black "Volovich, Evgeny"]
[Result "1-0"]
[WhiteElo "1866"]
[BlackElo "1617"]
[Annotator ""]
[Source ""]
[Remark ""]

1.e4 e6 2.d4 d5 3.Nd2 Nc6 4.Ngf3 Nf6 5.Bd3 Nb4 6.O-O Nxd3 7.cxd3
Bb4 8.Qa4+ c6 9.Qxb4 Qb6 10.Qa3 Bd7 11.e5 Nh5 12.Nb3 O-O-O 13.g4
g6 14.gxh5 gxh5 15.Bd2 Rhg8+ 16.Kh1 Rg6 17.Nc5 Rdg8 18.Nxd7 Kxd7
19.Ba5 1-0

[Event "FIDE Open"]
[Site "Voronezh"]
[Date "2018.06.14"]
[Round "3.48"]
[White "Lesnykh, Zhanna"]
[Black "Gerasko, Viacheslav"]
[Result "1-0"]
[WhiteElo "1616"]
[BlackElo "1862"]
[Annotator ""]
[Source ""]
[Remark ""]

1.f4 d5 2.Nf3 g6 3.g3 Bg7 4.Bg2 Nf6 5.O-O O-O 6.d3 c5 7.Nc3 Nc6
8.e4 d4 9.Ne2 h6 10.c4 Be6 11.h3 Qc8 12.Kh2 a6 13.g4 Bd7 14.Ng3
Kh7 15.e5 Ng8 16.Ne4 b6 17.Bd2 Qc7 18.Qe1 f6 19.exf6 exf6 20.Qg3
Rae8 21.Rae1 Nge7 22.Kh1 f5 23.gxf5 Nxf5 24.Qf2 Ne3 25.Bxe3 dxe3
26.Rxe3 Rxf4 27.Nfg5+ hxg5 28.Nxg5+ Kh6 29.Nf7+ Kh7 30.Ng5+ Kg8
31.Rxe8+ Bxe8 32.Qxf4 Qxf4 33.Rxf4 Bxb2 34.Bd5+ Kg7 35.Ne6+ Kh7
36.Rh4+ Kg8 37.Nd8+ Kg7 38.Nxc6 1-0

[Event "FIDE Open"]
[Site "Voronezh"]
[Date "2018.06.14"]
[Round "3.49"]
[White "Sukhareva, Valentina"]
[Black "Badtrutdinova, Darya"]
[Result "1-0"]
[WhiteElo "1847"]
[BlackElo "1604"]
[Annotator ""]
[Source ""]
[Remark ""]

1.e4 c6 2.d4 d5 3.e5 c5 4.dxc5 Nc6 5.f4 e6 6.Be3 g5 7.fxg5 Nxe5
8.Nc3 Ne7 9.Nf3 Nxf3+ 10.Qxf3 Nf5 11.O-O-O Bd7 12.Nb5 a6 13.Nd6+
Nxd6 14.cxd6 Bxd6 15.h4 Be5 16.Kb1 Qc7 17.Qf2 Bg3 18.Qf6 Be5
19.Qf2 Qa5 20.Rh3 O-O 21.Bb6 Qa4 22.Rb3 Qc6 23.Bd3 f6 24.Qe2
Be8 25.Re1 Bg3 26.Bxh7+ Kxh7 27.Qd3+ Bg6 28.Qxg3 Bxc2+ 29.Ka1
Bxb3 30.g6+ Kg7 31.Be3 Rh8 32.axb3 Qc2 33.Rc1 Qe4 34.Rc7+ Kg8
35.h5 Rxh5 36.Ka2 d4 37.Bd2 Qe5 38.Qf3 Qxc7 39.Qxh5 a5 40.Qe2
e5 41.g4 a4 42.Qb5 axb3+ 43.Kxb3 Qg7 44.Qd5+ Kf8 45.Bb4+ Ke8
46.Qe6+ Kd8 47.Qf7 Qh6 48.Qxf6+ Kd7 49.Qd6+ Ke8 50.Qe7# 1-0

[Event "FIDE Open"]
[Site "Voronezh"]
[Date "2018.06.14"]
[Round "3.50"]
[White "Klevets, Ksenia"]
[Black "Rudakov, Sergey S."]
[Result "0-1"]
[WhiteElo "1844"]
[BlackElo "1568"]
[Annotator ""]
[Source ""]
[Remark ""]

1.d4 Nf6 2.Bf4 g6 3.Nd2 d6 4.e4 Bg7 5.Ngf3 O-O 6.Bd3 Nbd7 7.c3
e6 8.O-O h6 9.h3 Qe7 10.b4 e5 11.dxe5 Nxe5 12.Nxe5 dxe5 13.Be3
b6 14.a4 a5 15.Qb3 Rd8 16.Bb5 Bb7 17.Qc4 Qd6 18.Qe2 axb4 19.cxb4
Qxb4 20.Rab1 Qe7 21.f3 Nh5 22.Rfc1 Nf4 23.Bxf4 exf4 24.Nb3 Bd4+
25.Nxd4 Rxd4 26.Rc2 c5 27.Rd2 Rad8 28.Rxd4 cxd4 29.Ba6 Bc6 30.Rxb6
Qc5 31.Rb1 d3+ 32.Qf2 Qxf2+ 33.Kxf2 Bxa4 34.g3 fxg3+ 35.Kxg3
d2 36.Be2 d1Q 37.Bxd1 Rxd1 38.Rb4 Bd7 0-1

[Event "FIDE Open"]
[Site "Voronezh"]
[Date "2018.06.14"]
[Round "3.51"]
[White "Shushunov, Aleksei"]
[Black "Popov, Maksim"]
[Result "1/2-1/2"]
[WhiteElo "1429"]
[BlackElo "1831"]
[Annotator ""]
[Source ""]
[Remark ""]

1.c4 Nf6 2.Nc3 g6 3.g3 Bg7 4.Bg2 d6 5.e4 Nbd7 6.Nge2 e5 7.O-O
O-O 8.d3 Nc5 9.b4 Ne6 10.h3 c6 11.Kh2 Nh5 12.Bf3 Nf6 13.Qb3 a5
14.bxa5 Nc5 15.Qc2 Rxa5 16.h4 Ng4+ 17.Kg2 Nh6 18.Rh1 f5 19.Bg5
Qe8 20.Qd2 Ng4 21.Bxg4 fxg4 22.Rag1 Qf7 23.Be3 Bh6 24.Nc1 Bxe3
25.fxe3 Ra3 1/2-1/2

[Event "FIDE Open"]
[Site "Voronezh"]
[Date "2018.06.14"]
[Round "3.52"]
[White "Vasiljev, Ilya"]
[Black "Godzhurov, Lidzhi"]
[Result "0-1"]
[WhiteElo "1816"]
[BlackElo "1703"]
[Annotator ""]
[Source ""]
[Remark ""]

1.e4 c5 2.Nf3 d6 3.d4 cxd4 4.Nxd4 Nf6 5.Nc3 a6 6.Bc4 e6 7.O-O
Be7 8.a3 Nc6 9.Ba2 O-O 10.Be3 Bd7 11.f4 Qc7 12.Kh1 Na5 13.Qe2
Rac8 14.Rad1 b5 15.Qf3 Nc4 16.Bxc4 Qxc4 17.Qg3 Bc6 18.Nxc6 Qxc6
19.e5 dxe5 20.fxe5 Ne4 21.Nxe4 Qxe4 22.Rd4 Qxc2 23.Rg4 g6 24.Bh6
Rfe8 25.Qf3 Qf5 26.Rf4 Qh5 27.Qxh5 gxh5 28.Rxf7 Bf8 29.Bg5 Bg7
30.g3 Rf8 31.Rxf8+ Rxf8 32.Rxf8+ Kxf8 33.Bf4 Kf7 34.h3 Kg6 35.g4
hxg4 36.hxg4 h5 37.gxh5+ Kxh5 38.Kg2 Kg4 39.Bg3 Kf5 40.b3 Bxe5 0-1

[Event "FIDE Open"]
[Site "Voronezh"]
[Date "2018.06.14"]
[Round "3.53"]
[White "Tatarintsev, Mikhail"]
[Black "Makarov, Anton"]
[Result "1/2-1/2"]
[WhiteElo "1681"]
[BlackElo "1787"]
[Annotator ""]
[Source ""]
[Remark ""]

1.e4 c6 2.d4 d5 3.exd5 cxd5 4.Bd3 Nf6 5.h3 e6 6.c3 Bd6 7.Ne2
Nbd7 8.Bf4 Bxf4 9.Nxf4 Qc7 10.Nh5 g6 11.Nxf6+ Nxf6 12.O-O O-O
13.Nd2 Bd7 14.Nf3 b5 15.Ne5 Rab8 16.g3 a5 17.Qf3 Kg7 18.Rfc1
Qb7 19.Qf4 Rbc8 20.Qf3 Rb8 21.Qf4 Rbc8 22.Qf3 Rb8 23.Qf4 Rbc8 1/2-1/2

[Event "FIDE Open"]
[Site "Voronezh"]
[Date "2018.06.14"]
[Round "3.54"]
[White "Teryaeva, Valeria"]
[Black "Kuzminykh, Nikita"]
[Result "1-0"]
[WhiteElo "1787"]
[BlackElo "1658"]
[Annotator ""]
[Source ""]
[Remark ""]

1.e4 e5 2.Nc3 Bc5 3.g3 Nf6 4.Bg2 d6 5.Nge2 Nc6 6.Na4 Bb6 7.Nxb6
axb6 8.c4 Be6 9.d3 O-O 10.f4 Bg4 11.h3 Bxe2 12.Qxe2 Nd4 13.Qd1
h6 14.f5 Qd7 15.a4 c6 16.g4 d5 17.O-O dxe4 18.dxe4 b5 19.h4 bxc4
20.g5 hxg5 21.hxg5 Ne8 22.Ra3 g6 23.f6 Nc7 24.Rh3 Rfb8 25.Kf2
Rd8 26.Rfh1 Qxh3 27.Rxh3 Nb3 28.Qh1 Rd3 29.Rh8# 1-0